Working of the Lok Sabha Secretariat proceedings of the Seminar (December 1-2, 1988: New Delhi) (Record no. 491245)

000 -LEADER
fixed length control field 00399cam a22001097a 4500
008 - FIXED-LENGTH DATA ELEMENTS--GENERAL INFORMATION
fixed length control field 180718b1989 xxu||||| |||| 00| 0 eng d
082 ## - DEWEY DECIMAL CLASSIFICATION NUMBER
Classification number I513x54 In2pr
245 ## - TITLE STATEMENT
Title Working of the Lok Sabha Secretariat proceedings of the Seminar (December 1-2, 1988: New Delhi)
Statement of responsibility, etc. by Lok Sabha Secretariat
260 ## - PUBLICATION, DISTRIBUTION, ETC.
Place of publication, distribution, etc. New Delhi
Name of publisher, distributor, etc. Lok Sabha Secretariat
Date of publication, distribution, etc. 1989
300 ## - PHYSICAL DESCRIPTION
Extent 70+p.
700 ## - ADDED ENTRY--PERSONAL NAME
Personal name India. Lok Sabha Secretariat
Holdings
Withdrawn status Lost status Damaged status Not for loan Permanent Location Current Location Date acquired Full call number Barcode Date last seen Price effective from Koha item type
        Indian Institute of Public Administration Indian Institute of Public Administration 2018-08-04 I513x54 In2pr GG20849 2018-08-04 2018-08-04 GG

Powered by Koha